Ultimate Flag Quiz Vol. 2 - Statistics

General Stats
  • This quiz has been taken 9 times
  • The average score is 38 of 149
Answer Stats
Picture Answer % Correct
Japanese Empire
86%
Austria-Hungary
71%
Czechoslovakia
71%
German Empire
71%
Ohio
71%
Olympic Games
71%
Roman Empire
71%
Berlin
57%
Chicago
57%
Florida
57%
Jeju
57%
Louisiana
57%
Maryland
57%
Moscow
57%
NASA
57%
New Mexico
57%
Nova Scotia
57%
Ontario
57%
Ottoman Empire
57%
Persia
57%
Prussia
57%
Punjab
57%
Qing Dynasty
57%
Red Cross
57%
South Carolina
57%
Spanish Empire
57%
UNESCO
57%
United Arab Republic
57%
Utah
57%
Wyoming
57%
Zaire
57%
Artsakh
43%
Bequia
43%
British Columbia
43%
Cherokee
43%
Dutch East Indies
43%
ECOWAS
43%
Johor
43%
Nazi Germany
43%
New York City
43%
Northern Territory
43%
Sao Paulo
43%
Veneto
43%
Australian Capital Territory
29%
Bern
29%
Cabinda
29%
City of London
29%
Connacht
29%
Eastern Roman Empire
29%
Free City of Danzig
29%
Hamburg
29%
Kabylia
29%
Kuala Lumpur
29%
Leinster
29%
Lombardy
29%
Minsk
29%
Oslo
29%
Rio de Janeiro
29%
Sabah
29%
Sarawak
29%
Tigray
29%
Ulster
29%
Yukon
29%
Abu Dhabi
14%
Acre
14%
Assyrians
14%
Baja California Sur
14%
BENELUX
14%
Bremen
14%
Budapest
14%
Caribbean Community
14%
Chin
14%
Cusco
14%
Czech Silesia
14%
Democratic Kampuchea
14%
Donetsk Oblast
14%
Federal Dependencies
14%
Federation of Bosnia and Herzegovina
14%
Finnmark
14%
Geneva
14%
German Speaking Community
14%
Graubunden
14%
Herm
14%
Iroquois Confederacy
14%
Isla De La Juventud
14%
Isle of Skye
14%
Isles of Scilly
14%
Kachin
14%
Karen
14%
Kinmen
14%
Kyiv
14%
Kyiv Oblast
14%
Labuan
14%
Latgale
14%
Liguria
14%
Loyalty Islands
14%
Makhnovschyna
14%
Mandalay
14%
Minsk Voblast
14%
Mon
14%
Moscow Oblast
14%
Munster
14%
Naypyidaw
14%
New Ireland
14%
New York
14%
Norrbotten
14%
Odesa Oblast
14%
Organisation of American States
14%
Pan-African
14%
Penang
14%
Putrajaya
14%
Red Crescent
14%
Rio Grande do Sul
14%
Sevastopol
14%
Ticino
14%
Touaregs
14%
Ukrainian Insurgent Army
14%
Ulaanbaatar
14%
Yangon
14%
Yucatan
14%
Zakarpattia
14%
Zeeland
14%
Aero
0%
Ayeyarwady
0%
Bohemia
0%
Copts
0%
Danu
0%
East African Community
0%
Eurasian Economic Union
0%
Hatohobei
0%
Kayah
0%
Kayin
0%
Kokang
0%
Lienchiang
0%
Lundy
0%
Magway
0%
Naga
0%
Pa Laung
0%
Pa'O
0%
Penghu
0%
Pomerania
0%
Rakhine
0%
Sagaing
0%
Shan
0%
Tanintharyi
0%
Torba
0%
West Indies Federation
0%
Yezidi
0%
Yoruba
0%
No matching quizzes found
Score Distribution
Percent of People with Each Score
Percentile by Number Answered
Your Score History
You have not taken this quiz